Central Library OPAC University of Rajshahi

Harmonische Raume und ihre Potentialtheorie : (Record no. 51316)

MARC details
000 -LEADER
fixed length control field 00903nam a2200253 a 4500
001 - CONTROL NUMBER
control field 51316
003 - CONTROL NUMBER IDENTIFIER
rucl marc code BD-RjUL
005 - DATE AND TIME OF LATEST TRANSACTION
control field 20211209075636.0
008 - FIXED-LENGTH DATA ELEMENTS--GENERAL INFORMATION
fixed length control field 160830s1966 gw b 000 0 ger
035 ## - SYSTEM CONTROL NUMBER
System control number (BD-RjUL)51436
040 ## - CATALOGING SOURCE
Original cataloging agency DLC
Transcribing agency PPT
Modifying agency BD-RjUL
-- DLC
Language of cataloging eng
041 ## - LANGUAGE CODE
Language code of text/sound track or separate title eng
082 ## - DEWEY DECIMAL CLASSIFICATION NUMBER
Edition number 23
Classification number 510
Author mark and year BAH 1966
100 1# - MAIN ENTRY--PERSONAL NAME
Personal name Bauer, Heinz
Dates associated with a name 1928-
9 (RLIN) 153470
245 10 - TITLE STATEMENT
Title Harmonische Raume und ihre Potentialtheorie :
Remainder of title Ausarbeitung einer im Sommersemester 1965 an der Universitat Hamburg gehaltenen Vorlesung /
Statement of responsibility, etc. Heinz Bauer
260 ## - PUBLICATION, DISTRIBUTION, ETC. (IMPRINT)
Place of publication, distribution, etc. Berlin ;
-- New York :
Name of publisher, distributor, etc. Springer-Verlag,
Date of publication, distribution, etc. 1966
300 ## - PHYSICAL DESCRIPTION
Pagination 175 p. ;
Size 28 cm.
490 1# - SERIES STATEMENT
Series statement Lecture notes in mathematics,
Volume/sequential designation 22
504 ## - BIBLIOGRAPHY, ETC. NOTE
Bibliography, etc Bibliography: p. 165-166.
650 #0 - SUBJECT ADDED ENTRY--TOPICAL TERM
Topical term or geographic name as entry element Harmonic functions.
9 (RLIN) 153396
Topical term or geographic name as entry element Potential theory (Mathematics)
9 (RLIN) 153471
830 #0 - SERIES ADDED ENTRY--UNIFORM TITLE
Uniform title Lecture notes in mathematics (Springer-Verlag) ;
Volume number/sequential designation 22.
942 ## - ADDED ENTRY ELEMENTS (KOHA)
Source of classification or shelving scheme Dewey Decimal Classification
Koha item type Books
Holdings
Lost status Source of classification or shelving scheme Damaged status Not for loan Collection code Permanent Location Current Location Shelving location Date acquired Source of acquisition Total Checkouts Full call number Date last seen Copy number Koha item type
  Dewey Decimal Classification     Non-fiction Central Library, University of Rajshahi Central Library, University of Rajshahi   08/08/1968 Sweeets and zeithlinger   510 BAH 1966 30/08/2016 C-2 Books